Hacia un compromiso legislativo por el fortalecimiento del poder local /

Kaydedildi:
Detaylı Bibliyografya
Yazar: Echeverría Alfaro, Juan José
Materyal Türü: Metin
Konular:
Etiketler: Etiketle
Etiket eklenmemiş, İlk siz ekleyin!

MARC

LEADER 00000 a a2200000 04500
001 16812
003
040
100 |a Echeverría Alfaro, Juan José  
245 |a Hacia un compromiso legislativo por el fortalecimiento del poder local /  |c Juan José Echeverría Alfaro 
650 |a GOBIERNO LOCAL  
650 |a GOBERNABILIDAD  
650 |a POLITICA DE DESARROLLO  
650 |a PODER DE LA COMUNIDAD  
650 |a CAMBIO SOCIAL  
773 |g volumen 11, número 1; páginas 169-178  
999 |c 39020  |d 39020